000 00637cab a2200241 4500
001 ABS41881
008 090401t1989 xxu||||| |||| 00| 0 eng d
035 _a(Sirsi) u33230
041 _aeng
100 _aMarsden, P.
245 _aWhat price Europe?
260 _c1989
350 _a0
490 _aProperty Director
_v(15) Winter 1989 51-53(2)
520 _aA summary of basic differences in surveying services and property ownership in Europe .
650 _aCOMMISSION
650 _aCOSTS
650 _aESTATE AGENTS
650 _aPROPERTY PURCHASE
690 _aOVERSEAS-EUROPE
942 _n0
948 _c04/03/1997
999 _c22213
_d22213